| 000 | 00642nam a2200205 a 4500 | ||
|---|---|---|---|
| 001 | 000032041 | ||
| 003 | DO-SdBNP | ||
| 005 | 20230412140945.0 | ||
| 007 | ta | ||
| 008 | 110712q2015 000 spa d | ||
| 040 | 0 | 7 |
_aDO-SdBNP _bsp _cBNPHU |
| 082 | 4 |
_bC748i _222 |
|
| 111 |
_aConferencia internacional de las Américas _d(22 al 25 de octubre de 2015 : _cSanto Domingo) _976952 |
||
| 245 | 1 | 0 | _aConferencia internacional de las Américas |
| 260 |
_aSanto Domingo : _bFUNGLODE , _c[2015]. |
||
| 300 |
_a53 pg. _bil. ; retrs. ; lám. _c27 cm. |
||
| 500 | _aEdición especial 2015.- | ||
| 590 | _aInventariado, 2023/BT | ||
| 942 |
_2ddc _cLBS1 |
||
| 999 |
_c31532 _d31532 |
||